000 00508nam a2200181Ia 4500
003 IN-BaIIA
008 211028s9999 xx 000 0 eng d
020 _a900658-40-1
040 _cIIA Library
080 _a03:911(31)
_bLEO
100 _aLeonard, Jonathan Norton
_96199
245 0 _aEarly Japan
_cJonathan Norton Leonard
260 _aAlexandria
_bTime-Life Books
_c1984
300 _a191p.
650 _aEarly Japan
_914079
650 _aNASA Thesaurus
942 _cBK
999 _c8399
_d8399